Key performance indicators : developing, implementing and using winning KPIs.

Bibliographic Details
Main Author: Parmenter
Format: Book
Published: New Jersey: John Wiley & Sons, 2010.
Edition:2nd ed..
Subjects:
LEADER 00567cam a2200181 7i4500
001 0000025056
005 20220119090000.0
020 0 0 |a 978-0-470-54515-7  
090 0 0 |a B 658.4013   |b PAR 
100 1 0 |a Parmenter  
245 1 0 |a Key performance indicators :   |b developing, implementing and using winning KPIs. 
250 0 0 |a 2nd ed.. 
260 0 0 |a New Jersey:   |b John Wiley & Sons,   |c 2010. 
300 # # |a 299 p. 
650 0 0 |a Organizational effectiveness  
650 0 0 |a Performance standards  
650 0 0 |a Performance technology  
999 |a B000027821  |b Book  |c Book  |e Business Information Centre